000 00667 a2200217 4500
001 068066
003 OSt
005 20220124103415.0
008
020 _a9788125920632
082 _a621.3815
_bS34D
100 1 _aSalivahanan S
245 1 _aDigital circuits and design
_cby S. Salivahanan and S. Arivazhagam
250 _a3rd ed.
260 _aNew Delhi
_bVikas Publishing
_c2010
300 _a665p.
630 _aComputer Science
653 _aLogic design; Digital electronics; Logic circuits; Sequential analysis; Algebra, Boolean; Electronic circuits; Electronics
700 _aArivazhagam, S.
942 _2ddc
_cBK
999 _c1887
_d1887